[Event "Arvier op 1st"]
[Site "Arvier"]
[Date "2004.01.06"]
[Round "7"]
[White "Ventrella, Enrico"]
[Black "Dvirnyy, Danyyil"]
[Result "0-1"]
[WhiteElo "1648"]
[BlackElo "1633"]
[PlyCount "70"]
[EventDate "2004.01.02"]
[EventType "swiss"]
[EventRounds "7"]
[EventCountry "ITA"]
[SourceTitle "CBM 098 Extra"]
[Source "ChessBase"]
[SourceDate "2004.03.10"]
[SourceVersion "2"]
[SourceVersionDate "2004.03.10"]
[SourceQuality "1"]

1. d4 d5 2. c4 e6 3. Nf3 Nf6 4. g3 Nbd7 5. cxd5 exd5 6. Bg2 Bd6 7. 0-0 0-0 8. Nc3 c6 9. Bg5 h6 10. Bxf6 Nxf6 11. a3 Bf5 12. b4 Ne4 13. Nxe4 Bxe4 14. Qb3 Qb6 15. e3 a5 16. Nd2 Bxg2 17. Kxg2 axb4 18. axb4 Qxb4 19. Qxb4 Bxb4 20. Nf3 f6 21. Rfb1 Rxa1 22. Rxa1 c5 23. dxc5 Bxc5 24. Rd1 Rd8 25. Nd4 Kf7 26. Kf3 g6 27. Ke2 f5 28. Kd3 Ra8 29. Rd2 Ke7 30. Rb2 b6 31. Nb5 Kd7 32. f3 Kc6 33. e4 dxe4+ 34. fxe4 Rd8+ 35. Ke2 fxe4 0-1